000 01820cam a2200421 a 4500
001 479861
003 OSt
005 20210416063141.0
008 840808s1984 nyua b 101 0 eng c
010 _a 84017798
020 _a0881670340
040 _aDNLM/DLC
_cDLC
_dDLC
041 _aeng
050 0 0 _aQP381
_b.C67 1984
060 _aW1 IN71S v.11
_aWL 307 C829 1983
080 _a616.8
_bS-91
082 0 0 _a599/.0188
_219
100 _9331
_aSuarez-Reinoso, Fernando
245 0 0 _aCortical integration : Volume 2
_bbasic, archicortical, and cortical association levels of neural integration /
_ceditors, Fernando Reinoso-Suárez, Cosimo Ajmone-Marsan.
260 _aNew York :
_bRaven Press,
_cc1984.
300 _axii, 440 p. :
_bill. ;
_c25 cm.
440 0 _aInternational Brain Research Organization monograph series ;
_vv. 11
500 _a"In April 1983, the International Brain Research Organization sponsored a symposium entitled, as is this volume, Cortical Integration: Basic, Archicortical, and Cortical Levels of Neural Integration"--Pref.
504 _aIncludes bibliographies and indexes.
650 0 _aCerebral cortex
_xCongresses.
650 0 _aNeural networks (Neurobiology)
_xCongresses.
650 2 _aCerebral Cortex
_xphysiology
_xcongresses.
650 2 _aNeurophysiology
_xcongresses.
650 0 _aNeurology
_9100
653 _aნეიროკავშირები, ნეიროფიზიოლოგია,
653 _aნევროლოგია
653 _aთავის ტვინის ცენტრალური ნაწილი
700 2 _aReinoso-Suárez, Fernando.
700 2 _aAjmone Marsan, Cosimo.
710 2 _aInternational Brain Research Organization.
906 _a7
_bcbc
_corignew
_d1
_eocip
_f19
_gy-gencatlg
942 _2udc
_cBK
999 _c134
_d134